| 000 | 00751nam a22002417a 4500 | ||
|---|---|---|---|
| 003 | PE SENCICO BE | ||
| 005 | 20251020182624.0 | ||
| 008 | 230111b |||||||| |||| 00| 0 eng d | ||
| 020 | _a978-9962-04-468-0 | ||
| 040 |
_aPE SENCICO BE _cPE SENCICO BE |
||
| 082 |
_a747 _bL3 |
||
| 110 | 1 |
_9326 _aLexus Editores |
|
| 245 | 1 |
_aHabitaciones infantiles / _cLexus Editores |
|
| 250 | _a[1a ed.] | ||
| 260 |
_as.l.: _bLexus editores, _c2018 |
||
| 300 |
_a257 p. : _bil., col., fotog., lams.; _c26 cm. |
||
| 650 | 1 | 4 |
_944 _aDiseño de interiores |
| 650 | 2 | 4 |
_9199 _aDistribución de espacios (viviendas) |
| 650 | 2 | 4 |
_925 _aDecoración de interiores |
| 650 | 2 | 4 |
_9239 _aMuebles |
| 910 |
_bhfp _chfp |
||
| 942 |
_2ddc _cLIB _h747 _iL3 |
||
| 999 |
_c3765 _d3765 |
||